MARC

LEADER 00000nam0a2200000 4500
001 368541
005 20231102012107.0
035 |a (RuTPU)RU\TPU\retro\25923 
090 |a 368541 
100 |a 20220413d1979 m y0rusy50 ca 
101 0 |a rus 
102 |a RU 
105 |a a j 001zy 
200 1 |a Сборник примеров и задач по теоретической электрохимии  |e учебное пособие  |f В. Л. Киселева, О. И. Невский, В. Я. Омельченко  |g Ивановский химико-технологический институт 
210 |a Иваново  |c Изд-во ИХТИ  |d 1979 
215 |a 94 с.  |c ил. 
320 |a Библиогр.: с. 90 
606 1 |a Электрохимия теоретическая  |2 stltpush  |3 (RuTPU)RU\TPU\subj\21018  |9 46070 
610 1 |a электролиты 
610 1 |a электролитические растворы 
610 1 |a термодинамика 
610 1 |a неравновесные явления 
610 1 |a равновесные электродные процессы 
610 1 |a неравновесные электродные процессы 
610 1 |a примеры 
610 1 |a задачи 
610 1 |a типовые решения 
610 1 |a учебные пособия 
675 |a 544.6(076)  |v 4 
700 1 |a Киселева  |b В. Л.  |g Вера Леонидовна 
701 1 |a Невский  |b О. И.  |g Олег Игоревич 
701 1 |a Омельченко  |b В. Я.  |g Владислав Яковлевич 
712 0 2 |a Ивановский химико-технологический институт  |2 stltpush  |3 (RuTPU)RU\TPU\col\7666  |9 24360 
801 1 |a RU  |b 63413507  |c 20220413 
942 |c BK